<?xml version="1.0" encoding="UTF-8"?>
<record
    xmlns:xsi="http://www.w3.org/2001/XMLSchema-instance"
    xsi:schemaLocation="http://www.loc.gov/MARC21/slim http://www.loc.gov/standards/marcxml/schema/MARC21slim.xsd"
    xmlns="http://www.loc.gov/MARC21/slim">

  <leader>01417nam a22002177a 4500</leader>
  <controlfield tag="005">20210414114046.0</controlfield>
  <controlfield tag="008">120717t        xxu||||| |||| 00| 0 eng d</controlfield>
  <datafield tag="020" ind1=" " ind2=" ">
    <subfield code="a"> 	0072827416 9780072827415 9780071116770 007111677X 9780071116787 0071116788 0073122866 9780073122861</subfield>
  </datafield>
  <datafield tag="050" ind1=" " ind2=" ">
    <subfield code="a">QP34.5.W47</subfield>
  </datafield>
  <datafield tag="100" ind1=" " ind2=" ">
    <subfield code="a">Widmaier, Eric P.</subfield>
  </datafield>
  <datafield tag="245" ind1=" " ind2=" ">
    <subfield code="a">Vander's human physiology : the mechanisms of body function. /</subfield>
    <subfield code="c">Eric P Widmaier, Hershel Raff and Kevin T Strang</subfield>
  </datafield>
  <datafield tag="250" ind1=" " ind2=" ">
    <subfield code="a">10th ed.</subfield>
  </datafield>
  <datafield tag="260" ind1=" " ind2=" ">
    <subfield code="a"> Boston :</subfield>
    <subfield code="b">Higher Education,</subfield>
    <subfield code="c">&#xA9;2006.</subfield>
  </datafield>
  <datafield tag="300" ind1=" " ind2=" ">
    <subfield code="a"> xxxi, 827 p. : </subfield>
    <subfield code="b">col. ill. ;</subfield>
    <subfield code="c">29 cm.</subfield>
  </datafield>
  <datafield tag="500" ind1=" " ind2=" ">
    <subfield code="a">Includes references and index.</subfield>
  </datafield>
  <datafield tag="505" ind1=" " ind2=" ">
    <subfield code="a">Contents: Homeostasis: a framework for human physiology -- Chemical composition of the body -- Cell structure and protein function -- Movement of molecules across cell membranes -- Control of cells by chemical messengers -- Neuronal signaling and the structure of the nervous system -- Sensory physiology -- Consciousness, the brain, and behavior -- Muscle -- Control of body movement -- Endocrine system -- Cardiovascular physiology -- Respiratory physiology -- Kidneys and regulation of water and inorganic ions -- Digestion and absorption of food -- Regulation of organic metabolism and energy balance -- Reproduction -- Defense mechanisms of the body.</subfield>
  </datafield>
  <datafield tag="650" ind1=" " ind2=" ">
    <subfield code="a">Human physiology.</subfield>
  </datafield>
  <datafield tag="700" ind1=" " ind2=" ">
    <subfield code="a">Raff, Hershel </subfield>
  </datafield>
  <datafield tag="700" ind1=" " ind2=" ">
    <subfield code="a">Strang, Kevin T </subfield>
  </datafield>
  <datafield tag="942" ind1=" " ind2=" ">
    <subfield code="2">lcc</subfield>
    <subfield code="c">BK</subfield>
  </datafield>
  <datafield tag="999" ind1=" " ind2=" ">
    <subfield code="c">1706</subfield>
    <subfield code="d">9206</subfield>
  </datafield>
  <datafield tag="952" ind1=" " ind2=" ">
    <subfield code="0">0</subfield>
    <subfield code="1">0</subfield>
    <subfield code="2">lcc</subfield>
    <subfield code="4">0</subfield>
    <subfield code="7">0</subfield>
    <subfield code="a">WIUC-1</subfield>
    <subfield code="b">WIUC-1</subfield>
    <subfield code="c">GEN</subfield>
    <subfield code="d">2012-07-17</subfield>
    <subfield code="l">0</subfield>
    <subfield code="o">QP34.5.W47</subfield>
    <subfield code="p">5513/12</subfield>
    <subfield code="r">2012-07-17 00:00:00</subfield>
    <subfield code="t">1</subfield>
    <subfield code="w">2012-07-17</subfield>
    <subfield code="y">BK</subfield>
  </datafield>
  <datafield tag="952" ind1=" " ind2=" ">
    <subfield code="0">0</subfield>
    <subfield code="1">0</subfield>
    <subfield code="2">lcc</subfield>
    <subfield code="4">0</subfield>
    <subfield code="7">0</subfield>
    <subfield code="a">WIUC-1</subfield>
    <subfield code="b">WIUC-1</subfield>
    <subfield code="c">GEN</subfield>
    <subfield code="d">2012-07-17</subfield>
    <subfield code="l">0</subfield>
    <subfield code="o">QP34.5.W471</subfield>
    <subfield code="p">5514/12</subfield>
    <subfield code="r">2012-07-17 00:00:00</subfield>
    <subfield code="t">2</subfield>
    <subfield code="w">2012-07-17</subfield>
    <subfield code="y">BK</subfield>
  </datafield>
  <datafield tag="952" ind1=" " ind2=" ">
    <subfield code="0">0</subfield>
    <subfield code="1">0</subfield>
    <subfield code="2">lcc</subfield>
    <subfield code="4">0</subfield>
    <subfield code="7">0</subfield>
    <subfield code="a">WIUC-1</subfield>
    <subfield code="b">WIUC-1</subfield>
    <subfield code="c">GEN</subfield>
    <subfield code="d">2012-07-17</subfield>
    <subfield code="l">0</subfield>
    <subfield code="o">QP34.5.W472</subfield>
    <subfield code="p">5515/12</subfield>
    <subfield code="r">2012-07-17 00:00:00</subfield>
    <subfield code="t">3</subfield>
    <subfield code="w">2012-07-17</subfield>
    <subfield code="y">BK</subfield>
  </datafield>
  <datafield tag="952" ind1=" " ind2=" ">
    <subfield code="0">0</subfield>
    <subfield code="1">0</subfield>
    <subfield code="2">lcc</subfield>
    <subfield code="4">0</subfield>
    <subfield code="7">0</subfield>
    <subfield code="a">WIUC-1</subfield>
    <subfield code="b">WIUC-1</subfield>
    <subfield code="c">GEN</subfield>
    <subfield code="d">2012-07-17</subfield>
    <subfield code="l">0</subfield>
    <subfield code="o">QP34.5.W473</subfield>
    <subfield code="p">5516/12</subfield>
    <subfield code="r">2012-07-17 00:00:00</subfield>
    <subfield code="t">4</subfield>
    <subfield code="w">2012-07-17</subfield>
    <subfield code="y">BK</subfield>
  </datafield>
  <datafield tag="952" ind1=" " ind2=" ">
    <subfield code="0">0</subfield>
    <subfield code="1">0</subfield>
    <subfield code="2">lcc</subfield>
    <subfield code="4">0</subfield>
    <subfield code="7">0</subfield>
    <subfield code="a">WIUC-1</subfield>
    <subfield code="b">WIUC-1</subfield>
    <subfield code="c">GEN</subfield>
    <subfield code="d">2012-07-17</subfield>
    <subfield code="l">0</subfield>
    <subfield code="o">QP34.5.W474</subfield>
    <subfield code="p">5517/12</subfield>
    <subfield code="r">2012-07-17 00:00:00</subfield>
    <subfield code="t">5</subfield>
    <subfield code="w">2012-07-17</subfield>
    <subfield code="y">BK</subfield>
  </datafield>
</record>
